000 01099nmc a2200373 a 4500
003 AR-BaBNM
005 20251128204142.0
008 315019s1985 ||||||||||||||000 | spa||
020 _a950-25-0118-7
040 _cAR-BaBNM
100 1 _aMontergous, Gabriel
245 1 0 _aLa generación del 80 y el proceso militar
260 _aBuenos Aires
_bCentro Editor de América Latina
_c1985
300 0 _a92 p.
490 0 _aBiblioteca política Argentina
_vv. 119
600 1 4 _aZeballos, Estanislao Severo
_d1854-1923
600 1 4 _aGonzález, Joaquín V.
_d1863-1923
600 1 4 _aMansilla, Lucio V.
_d1831-1913
600 1 4 _aWilde, Eduardo
_d1844-1913
600 1 4 _aGarcía Merou, Martín
_d1862-1905
600 1 4 _aCane, Miguel
_d1851-1905
650 4 _aHISTORIA POLITICA
650 4 _aGENERACION DE 1880
650 4 _aORGANIZACION NACIONAL
650 4 _aPOSITIVISMO
650 4 _aCONSERVADURISMO
650 4 _aANTOLOGIAS
650 4 _aDICTADURA
650 4 _aSISTEMAS POLITICOS
651 4 _aArgentina
800 1 _aTroncoso, Oscar
_edirector
942 _cBK
998 _cGrace
999 _c6387
_d6387